Statystyki dla 15 największych miast strefy czasowej UTC-08:00

Kliknij tutaj aby rozwiązać quiz!

Ogólne statystyki

  • Ten quiz został rozwiązany 9 razy
  • Średni wynik to 5 z 15

Statystyki odpowiedzi

Liczba ludnośćiMiasto% Poprawnych
3 849 297Los Angeles
100%
815 201San Francisco
88%
646 790Las Vegas
63%
603 502Vancouver
63%
525 041Sacramento
38%
1 381 611San Diego
38%
733 919Seattle
38%
653 115Portland
25%
983 489San Jose
13%
1 300 983Tijuana
13%
689 075Ensenada
0%
544 510Fresno
0%
456 062Long Beach
0%
689 775Mexicali
0%
468 251Surrey
0%

Rozkład punktacji

Percentyl według liczby udzielonych odpowiedzi

Procent ludzi z każdym wynikiem

Twoja historia wyników

Nie rozwiązałeś tego quizu